| 000 | 01059nas a2200337 4500 | ||
|---|---|---|---|
| 001 | BR2017000304 | ||
| 003 | BR-BrBNA | ||
| 005 | 20231205130828.0 | ||
| 007 | ta | ||
| 008 | 230509b bl.|||p| |||| 00| 00por d | ||
| 040 |
_aBR-BrBNA _bpor _cBiblioteca Nacional de Agricultura |
||
| 041 | _a(Pt) | ||
| 072 | _aK50 | ||
| 100 | 1 | _aCunha, A.B. da | |
| 100 | 1 | _aBrand, M.A. | |
| 100 | 1 | _aSimão, R.L. | |
| 100 | 1 | _aMartins, S.A. | |
| 100 | 1 | _aAnjos, R.A.M. dos | |
| 100 | 1 | _aSurdi, P.G. | |
| 100 | 1 | _aSchimalski, M.B. | |
| 245 | 1 | _aDeterminação do rendimento de matéria-prima de Eucalyptus benthamii Maiden Cambage por meio de diferentes métodos de desdobro | |
| 650 | _aEUCALIPTO | ||
| 650 | _aPROCESSAMENTO | ||
| 650 | _aMADEIRA | ||
| 650 | _aQUALIDADE | ||
| 650 | _aTORA | ||
| 773 | 0 |
_tRevista Árvore (Brazil) _xISSN 1806-9088 _g(Jul-Aug 2015), v. 39(4) p. 733-741 _wBR2017000304 |
|
| 856 | 4 | 0 | _uhttp://www.scielo.br/pdf/rarv/v39n4/0100-6762-rarv-39-04-0733.pdf |
| 909 |
_a202311 _bLúcia _c55 _dLúcia Elande |
||
| 942 |
_2AGRIS _n0 _cANA |
||
| 999 |
_c251507 _d251507 |
||